| 000 | 00361 a2200133 4500 | ||
|---|---|---|---|
| 005 | 20260205020003.0 | ||
| 020 | _a917545282 | ||
| 050 |
_aBV210.2 _b.M877 1986 |
||
| 100 |
_aMurray , Andrew. _qAndrew. Murray _98164 |
||
| 245 |
_aThe Prayer life / _cAndrew. Murray |
||
| 300 |
_a128 cm . _c13 cm . |
||
| 650 |
_aPrayer -- Christianity. _98165 |
||
| 942 |
_2lcc _cBK _n0 _01 |
||
| 999 |
_c3901 _d3901 |
||